| 000 | 00896nam a22003017a 4500 | ||
|---|---|---|---|
| 001 | BR2016003520 | ||
| 003 | BR-BrBNA | ||
| 005 | 20230928104944.0 | ||
| 007 | ta | ||
| 008 | 230509b bl.||||| |||| 00| 0 por d | ||
| 040 |
_aBR-BrBNA _bpor _cBiblioteca Nacional de Agricultura |
||
| 041 | _a(Por) | ||
| 072 |
_aL73 _b6100 _b4150 |
||
| 090 | _ 6100 BR2016003520 | ||
| 100 | 1 | _aAlbuquerque, A. | |
| 110 | 1 | _aLaboratórios Pfizer Ltda, Guarulhos, SP (Brasil). Div. Agropecuária | |
| 245 | 1 |
_aDoenças imunossupressoras das aves _bSérie Clipping Patologia Aviária. v. 4 |
|
| 260 | 3 |
_aGuarulhos, SP (Brasil): _c[nd]. |
|
| 300 | _a38 p. | ||
| 500 | _aPublished after 1993?; 40 illus | ||
| 650 | _aDOENÇA ANIMAL | ||
| 650 | _aAVE DOMÉSTICA | ||
| 650 | _aMAREK | ||
| 650 | _aLEUCOSE LINFÓIDE | ||
| 650 | _aDOENÇA DE GUMBORO | ||
| 909 |
_a202309 _bLucia _c55 _dLucia Elande |
||
| 942 | _cBK | ||
| 999 |
_c82625 _d82625 |
||